| 000 | 00343cam a22001097a 4500 | ||
|---|---|---|---|
| 008 | 180718b1966 xxu||||| |||| 00| 0 eng d | ||
| 082 | _aO603x54 In2 1955-65 | ||
| 245 |
_aThe prevention of food adulteration rules, 1955 _cBy Government of India |
||
| 260 |
_aDelhi _bThe Manager _c1966 |
||
| 300 | _a58p | ||
| 650 | _aFood law and legislation - India | ||
| 999 |
_c410649 _d410649 |
||